000 00594nam a2200229Ia 4500
003 OSt
005 20221007072118.0
006 a|||||r|||| 00| 0
007 ta
008 221006b |||||||| |||| 00| 0 eng d
024 _a11,502
037 _cTextual
040 _aFLL
_cFLL
_beng
041 _2eng
_aeng
082 _aV1N45, K3
100 _aBailey Sydney D. Au.
_9690079
245 0 _aUnited nations
260 _aLondon
_bPall Mall press London
_c1963
300 _a141p
_ccm.
942 _hV1N45, K3
_cTEXL
_2CC
999 _c1145223
_d1145223